|
|
|
|
| LEADER |
00909cam a2200265 7i4500 |
| 001 |
0000022476 |
| 005 |
20090327090000.0 |
| 090 |
0 |
0 |
|a PHOT 297.14
|b MAL (CD)
|
| 110 |
2 |
0 |
|a Malaysia External Trade Development Corporation (MATRADE)
|
| 245 |
2 |
4 |
|a The World Halal Forum 2006 ( 9 May 2006 ).
|
| 300 |
# |
# |
|a 173 Photography:
|b col.;
|c 1CD-RW.
|
| 500 |
0 |
0 |
|a Photographs
|
| 650 |
0 |
0 |
|a Zakaria Kamaruddin, Haji
|
| 650 |
0 |
0 |
|a Azhamuddin Haji Jusoh, Wan
|
| 650 |
0 |
0 |
|a Nordiana Abdullah
|
| 650 |
0 |
0 |
|a Badrulnizam Raja Kamalzaman, Raja
|
| 650 |
0 |
0 |
|a Mah Siew Keong, Dato'
|
| 650 |
0 |
0 |
|a MATRADE --
|x Photograph collection --
|x 2006
|
| 650 |
0 |
0 |
|a The World Halal Forum --
|x 2006
|
| 650 |
0 |
0 |
|a Ahmed Hariri
|
| 650 |
0 |
0 |
|a Juma'atun Azmi
|
| 650 |
0 |
0 |
|a Daud Vicary Abdullah
|
| 650 |
0 |
0 |
|a A'dzimah Ahmad Ghazali
|
| 650 |
0 |
0 |
|a Khairy Jamaluddin
|
| 999 |
|
|
|a PC00000180
|b Photographs
|c Photographs
|e Business Information Centre
|